[Event "Women's Speed Chess Q1"]
[Site "chess.com INT"]
[Date "2020.06.18"]
[Round "2"]
[White "Efimenko, Maria"]
[Black "Zakirova, Aisha"]
[Result "0-1"]
[WhiteTitle "WIM"]
[BlackTitle "WCM"]
[WhiteElo "2245"]
[BlackElo "1585"]
[WhiteFideId "14124327"]
[BlackFideId "13719734"]
[EventDate "2020.06.18"]

1. e4 c5 2. c3 Nf6 3. e5 Nd5 4. d4 cxd4 5. cxd4 d6 6. Nf3 Nc6 7. Bc4 Nb6 8. Bd3
g6 9. O-O Bg7 10. Qe2 O-O 11. Nc3 Bg4 12. exd6 Qxd6 13. Nb5 Qd8 14. h3 Bxf3 15.
Qxf3 a6 16. Nc3 Nxd4 17. Qxb7 Ne6 18. Qf3 Nd4 19. Qg3 Nd7 20. Re1 Nc5 21. Bb1
Rc8 22. Kh1 Re8 23. Bf4 Qb6 24. b3 a5 25. Nd5 Qb7 26. Ne3 Nb5 27. Bc2 Nd4 28.
Bd1 Nde6 29. Bf3 Qa7 30. Be5 Bxe5 31. Qxe5 Nd3 32. Qg3 Nxe1 33. Rxe1 Qb8 34. Qg4
Qf4 35. Nd5 Qxg4 36. Bxg4 Kg7 37. Bxe6 fxe6 38. Rxe6 Kf7 39. Ra6 Rc1+ 40. Kh2
Rc5 41. Ne3 Rd8 42. Kg3 Rd1 43. Nc4 Ra1 44. Nxa5 Rxa2 45. b4 Rb5 46. Ra7 Rxb4 0-1

[Event "Women's Speed Chess Q1"]
[Site "chess.com INT"]
[Date "2020.06.18"]
[Round "2"]
[White "Singgih, Diajeng Theresa"]
[Black "Sihite, Chelsie Monica Ignesias"]
[Result "0-1"]
[WhiteTitle "WFM"]
[BlackTitle "WIM"]
[WhiteElo "1972"]
[BlackElo "2252"]
[WhiteFideId "7104391"]
[BlackFideId "7101198"]
[EventDate "2020.06.18"]

1. e4 c5 2. Nf3 e6 3. d4 cxd4 4. Nxd4 Nc6 5. Nc3 Bb4 6. Be3 Nf6 7. Bd3 d5 8.
exd5 Nxd5 9. Nxc6 bxc6 10. Bd2 Nxc3 11. bxc3 Bd6 12. O-O O-O 13. Qh5 g6 14. Qh6
Qc7 15. Bg5 Be5 16. Rae1 Bg7 17. Qh4 Bb7 18. Re3 c5 19. Rh3 h5 20. g4 c4 21.
gxh5 cxd3 22. h6 f5 23. hxg7 Qxg7 24. Bh6 Qh7 25. Bxf8 Qxh4 26. Rxh4 Rxf8 27.
cxd3 f4 28. Rg4 Kg7 29. Rg5 Rd8 30. Rc5 Bf3 31. d4 Kf6 32. Re1 Rb8 33. c4 Rd8
34. Rce5 Rxd4 35. Rxe6+ Kg7 36. c5 Rc4 37. Re7+ Kh6 38. Rc7 a5 39. h4 Kh5 40.
Kh2 Kxh4 41. Rg1 Rc2 42. Rh7+ Bh5 43. Rxg6 Rxf2+ 44. Kg1 Rxa2 45. Rgh6 Kg3 46.
Rg7+ Bg4 47. Rxg4+ Kxg4 48. Rg6+ Kf3 49. c6 Ra1+ 50. Kh2 Rc1 51. Re6 a4 52. Kh3
Rh1# 0-1

[Event "Women's Speed Chess Q1"]
[Site "chess.com INT"]
[Date "2020.06.18"]
[Round "2"]
[White "Millard, Charlotte"]
[Black "Paramzina, Anastasya"]
[Result "0-1"]
[WhiteTitle "WCM"]
[BlackTitle "WGM"]
[WhiteElo "1252"]
[BlackElo "2209"]
[WhiteFideId "14320363"]
[BlackFideId "4165012"]
[EventDate "2020.06.18"]

1. e4 c5 2. Nf3 d6 3. d4 Nf6 4. Nc3 cxd4 5. Nxd4 a6 6. f4 Qc7 7. Be2 e5 8. Nf5
Bxf5 9. exf5 Nc6 10. fxe5 dxe5 11. O-O Rd8 12. Qe1 Bc5+ 13. Kh1 Nd4 14. Bd3 h5
15. Bg5 Ng4 16. Bxd8 Kxd8 17. Nd5 Qd6 18. Qa5+ Kc8 19. Be4 Nc6 20. Nb6+ Kc7 21.
Nd5+ Kb8 22. Qc3 Nf2+ 23. Rxf2 Bxf2 24. Rd1 Bd4 25. Qb3 Qc5 26. f6 g6 27. Nc3
Qb4 28. Qxb4 Nxb4 29. a3 Bxc3 30. bxc3 Nc6 31. c4 Rd8 32. Rxd8+ Nxd8 33. Bd5 Kc7
34. Kg1 b6 35. Kf2 a5 36. Ke3 Kd6 37. Ke4 Ne6 38. Bxe6 Kxe6 39. h3 Kxf6 40. g4
Ke6 41. g5 f5+ 42. gxf6 Kxf6 43. h4 Ke6 44. c3 Kf6 45. a4 Ke6 46. Ke3 Kf5 47.
Kf3 e4+ 48. Ke3 Ke5 49. Kd2 Kf4 50. Ke2 g5 51. Kf2 gxh4 52. Ke2 e3 53. Kd3 h3
54. Kd4 h2 55. c5 bxc5+ 56. Kxc5 h1=Q 57. Kb5 Qa8 58. c4 e2 59. c5 e1=Q 60. c6
Qb4# 0-1

[Event "Women's Speed Chess Q1"]
[Site "chess.com INT"]
[Date "2020.06.18"]
[Round "2"]
[White "Shpanko, Nadiia"]
[Black "Goltseva, Ekaterina"]
[Result "1-0"]
[WhiteTitle "WIM"]
[BlackTitle "FM"]
[WhiteElo "2235"]
[BlackElo "2306"]
[WhiteFideId "14132400"]
[BlackFideId "24173770"]
[EventDate "2020.06.18"]

1. d4 Nf6 2. Nf3 d5 3. g3 e6 4. Bg2 b5 5. O-O Bb7 6. Nbd2 c5 7. c3 Nbd7 8. Re1
Be7 9. dxc5 Bxc5 10. a4 a6 11. Nb3 Bb6 12. axb5 axb5 13. Rxa8 Qxa8 14. Nfd4 Qa4
15. Bg5 O-O 16. Bxf6 Nxf6 17. e3 Ra8 18. Bf1 b4 19. Bb5 Qa2 20. Qc2 bxc3 21.
Qxc3 Rc8 22. Qd2 Ne4 23. Qe2 Qa8 24. Ra1 Qb8 25. Bd3 Nd6 26. Qh5 g6 27. Qe2 e5
28. Nb5 Nxb5 29. Bxb5 d4 30. exd4 exd4 31. Qe7 Bd5 32. Qb4 Rd8 33. Bd3 Qd6 34.
Qxd6 Rxd6 35. Nd2 f5 36. Kf1 Rd7 37. Nc4 Bc5 38. Rc1 Bf8 39. Ne5 Rb7 40. Nc4 Bg7
41. Rb1 h6 42. Nd2 Kh7 43. b4 Rc7 44. b5 Bb7 45. Nb3 Rc3 46. Ke2 Bf8 47. Kd2 Rc8
48. Nxd4 Rd8 49. Nc2 Be4 50. Rb3 Rd7 51. Rc3 Bb4 52. Nxb4 Bb7 53. Nc6 1-0

[Event "Women's Speed Chess Q1"]
[Site "chess.com INT"]
[Date "2020.06.18"]
[Round "2"]
[White "Muminova, Nafisa"]
[Black "Gunina, Valentina"]
[Result "0-1"]
[WhiteTitle "WGM"]
[BlackTitle "GM"]
[WhiteElo "2274"]
[BlackElo "2431"]
[WhiteFideId "14201526"]
[BlackFideId "4167570"]
[EventDate "2020.06.18"]

1. e4 c6 2. d4 d5 3. exd5 cxd5 4. Bd3 Nc6 5. c3 Qc7 6. Ne2 Bg4 7. f3 Bd7 8. Bf4
e5 9. dxe5 Nxe5 10. Bc2 Nf6 11. O-O Bd6 12. Bg3 O-O 13. Nd4 Nc4 14. Bxd6 Qxd6
15. Qc1 Rae8 16. Nd2 Ne3 17. Re1 Nh5 18. Nf1 Nxf1 19. Rxf1 Nf4 20. Qd2 Qh6 21.
Kh1 Qd6 22. Rad1 h5 23. g3 Ng6 24. Bf5 h4 25. Qg2 Re5 26. Bxd7 Qxd7 27. f4 Re3
28. Rfe1 Rfe8 29. Qf2 R3e4 30. Rxe4 dxe4 31. Qe3 Qd5 32. b3 hxg3 33. Qxg3 e3+
34. Qg2 Nxf4 35. Qxd5 Nxd5 36. c4 Nc3 37. Re1 Nxa2 38. Kg2 Re4 39. Kf3 Rxd4 40.
Rxe3 Nb4 41. Re8+ Kh7 42. Re5 Rd3+ 43. Ke4 Rxb3 44. Rh5+ Kg6 45. Rc5 Nc6 46. Rd5
Rc3 47. Rd6+ f6 48. Kd5 a5 49. Ke6 Rxc4 50. Rd2 Ne5 51. Rg2+ Kh7 52. Rg3 a4 53.
Rh3+ Kg8 54. Ke7 b5 55. Rg3 b4 56. h4 Rxh4 0-1

[Event "Women's Speed Chess Q1"]
[Site "chess.com INT"]
[Date "2020.06.18"]
[Round "2"]
[White "Eswaran, Ashritha"]
[Black "Cori T., Deysi"]
[Result "1/2-1/2"]
[WhiteTitle "WIM"]
[BlackTitle "WGM"]
[WhiteElo "2244"]
[BlackElo "2388"]
[WhiteFideId "2080788"]
[BlackFideId "3801934"]
[EventDate "2020.06.18"]

1. e4 d5 2. exd5 Qxd5 3. Nc3 Qd6 4. Nf3 a6 5. d4 Nf6 6. g3 Bg4 7. Bg2 Nc6 8. Be3
O-O-O 9. O-O e5 10. dxe5 Nxe5 11. Qxd6 Bxd6 12. Nxe5 Bxe5 13. h3 Bf5 14. Rac1 h5
15. Nd1 Be4 16. Bg5 Bxg2 17. Kxg2 Rd5 18. Ne3 Rb5 19. b3 Ne4 20. h4 Bb2 21. Rb1
Bc3 22. Nd1 Bd2 23. a4 Rc5 24. c4 Bxg5 25. hxg5 Nd2 26. Ne3 Nxb1 27. Rxb1 Rxg5
28. f4 Rg6 29. Kf3 Re8 30. Nf5 Rge6 31. Nxg7 Re3+ 32. Kg2 Re2+ 33. Kh3 Rg8 34.
Nxh5 f5 35. Rh1 Rg6 36. Kh4 c5 37. Kh3 Kc7 38. Rd1 Rh6 39. g4 fxg4+ 40. Kxg4
Rg2+ 41. Kf3 Rb2 42. Rd5 Rxb3+ 43. Ke4 Kc6 44. Ng7 Rb4 45. Rd8 Rxc4+ 46. Kf3
Rh3+ 47. Kg4 Ra3 48. Kg5 Raxa4 49. f5 Rg4+ 50. Kf6 Raf4 51. Ne6 Rf1 52. Rc8+ Kb6
53. Rxc5 Re4 54. Rd5 a5 55. Ke7 a4 56. f6 Rfe1 57. Rd6+ Kb5 58. f7 Rf1 59. f8=Q
Rxf8 60. Kxf8 a3 61. Nc7+ Kb4 62. Rb6+ Kc3 63. Nb5+ Kb2 64. Nxa3+ Kxa3 65. Rxb7
Ka4 66. Re7 Rxe7 67. Kxe7 1/2-1/2

[Event "Women's Speed Chess Q1"]
[Site "chess.com INT"]
[Date "2020.06.18"]
[Round "2"]
[White "Martynkova, Olena"]
[Black "Kairbekova, Amina"]
[Result "1-0"]
[WhiteTitle "WIM"]
[BlackTitle "WFM"]
[WhiteElo "2222"]
[BlackElo "2065"]
[WhiteFideId "14134039"]
[BlackFideId "13712799"]
[EventDate "2020.06.18"]

1. d4 Nf6 2. Nf3 d5 3. c4 e6 4. g3 dxc4 5. Bg2 Bd7 6. Ne5 Bc6 7. Nxc6 Nxc6 8.
O-O Qd7 9. e3 Rd8 10. Qe2 e5 11. Qxc4 exd4 12. Qb5 Rb8 13. Rd1 a6 14. Qf1 Bd6
15. exd4 O-O 16. Nc3 h6 17. Bh3 Qd8 18. b3 Ne7 19. d5 Be5 20. Bb2 Bxc3 21. Bxc3
Nfxd5 22. Bb2 c6 23. Qd3 Qd6 24. Qd4 Qg6 25. Bg2 Rbd8 26. a4 b6 27. a5 c5 28.
Qc4 Nb4 29. axb6 Qxb6 30. Qc3 f6 31. Be4 Nec6 32. Qf3 Ne5 33. Qf5 g6 34. Qf4 Kh7
35. Bxe5 fxe5 36. Qxe5 c4 37. Rxd8 Qxd8 38. bxc4 Qf6 39. Qxf6 Rxf6 40. Ra4 Rb6
41. c5 Rb5 42. c6 a5 43. c7 Rc5 44. Rxa5 Rxc7 45. Rb5 Nc2 46. Kg2 Nd4 47. Rb6
Rg7 48. g4 Ne2 49. h4 Nf4+ 50. Kf3 Nh3 51. Kg3 Ng1 52. Bd3 1-0

[Event "Women's Speed Chess Q1"]
[Site "chess.com INT"]
[Date "2020.06.18"]
[Round "2"]
[White "Antova, Gabriela"]
[Black "Hejazipour, Mitra"]
[Result "1-0"]
[WhiteTitle "FM"]
[BlackTitle "WGM"]
[WhiteElo "2255"]
[BlackElo "2300"]
[WhiteFideId "2915235"]
[BlackFideId "12505951"]
[EventDate "2020.06.18"]

1. e4 c5 2. Nf3 d6 3. d4 cxd4 4. Nxd4 Nf6 5. Nc3 a6 6. Be3 e5 7. Nb3 Be7 8. f3
Be6 9. Qd2 h5 10. O-O-O Nbd7 11. Kb1 Rc8 12. Nd5 Nxd5 13. exd5 Bf5 14. Bd3 Bxd3
15. Qxd3 Bg5 16. Bxg5 Qxg5 17. Na5 Nc5 18. Qd2 Qxd2 19. Rxd2 Rc7 20. c4 h4 21.
Re1 g5 22. b4 Nd7 23. Kb2 f6 24. Kb3 Kf7 25. Rc1 Rhc8 26. Rdc2 Nb6 27. c5 Nxd5
28. Rd2 Nf4 29. g3 hxg3 30. hxg3 Ne6 31. Rxd6 Nd4+ 32. Kb2 Nxf3 33. Rf1 e4 34.
Nc4 Kg7 35. Re6 f5 36. g4 fxg4 37. Rxe4 Rf7 38. Rxg4 Rcf8 39. Nd6 Rf4 40. Rg2
Kg6 41. a3 Ne5 42. Rfg1 Nd3+ 43. Kc3 Rf3 44. Rxg5+ Kf6 45. Rg6+ Ke7 46. Kd4 Nf4
47. Rg7+ Kf6 48. Rxb7 Ne6+ 49. Kd5 Rd3+ 50. Kc6 Nd4+ 51. Kb6 Rxa3 52. c6 Rc3 53.
c7 Rc6+ 54. Ka7 Rxd6 55. Rb8 Ke7 56. Rxf8 Nc6+ 57. Kb7 1-0

[Event "Women's Speed Chess Q1"]
[Site "chess.com INT"]
[Date "2020.06.18"]
[Round "2"]
[White "Kazarian, Anna-Maja"]
[Black "Vovk, Anastasiia"]
[Result "1/2-1/2"]
[WhiteTitle "FM"]
[BlackTitle "WGM"]
[WhiteElo "2096"]
[BlackElo "2076"]
[WhiteFideId "1033689"]
[BlackFideId "14110563"]
[EventDate "2020.06.18"]

1. e4 c5 2. Nf3 d6 3. d4 cxd4 4. Nxd4 Nf6 5. Nc3 g6 6. g3 Bg7 7. Bg2 O-O 8. O-O
Nc6 9. Nb3 Bg4 10. f3 Be6 11. Be3 Bc4 12. Re1 b6 13. Qd2 Rc8 14. Bh6 Ba6 15.
Bxg7 Kxg7 16. Nd4 Nxd4 17. Qxd4 Qc7 18. e5 dxe5 19. Qxe5 Qxe5 20. Rxe5 e6 21.
Rd1 Rfd8 22. Ree1 Kf8 23. f4 Ke7 24. Bf3 Rxd1 25. Rxd1 Rd8 26. Rxd8 Kxd8 27. Kf2
Kc7 28. Ke3 Kd6 29. Kd4 Nd7 30. Ne4+ Ke7 31. b4 f6 32. c4 e5+ 33. fxe5 fxe5+ 34.
Kc3 Nf6 35. Nxf6 Kxf6 36. b5 Bc8 37. Kb4 Bf5 38. c5 bxc5+ 39. Kxc5 e4 40. Be2
Ke5 41. a4 e3 42. a5 Be4 43. Kc4 h5 44. h4 Bf5 45. b6 axb6 46. axb6 Kd6 47. Bf3
e2 48. Bxe2 Kc6 49. Kd4 Kxb6 50. Ke5 Kc5 51. Bf3 Bc2 52. Be4 Bxe4 53. Kxe4 Kd6
54. Kf4 Ke6 55. Kg5 Kf7 56. Kf4 Kf6 57. g4 hxg4 58. Kxg4 Ke6 59. Kg5 Kf7 60. h5
gxh5 61. Kxh5 1/2-1/2

[Event "Women's Speed Chess Q1"]
[Site "chess.com INT"]
[Date "2020.06.18"]
[Round "2"]
[White "Papp, Petra"]
[Black "Shafigullina, Zarina"]
[Result "0-1"]
[WhiteTitle "WGM"]
[BlackTitle "WFM"]
[WhiteElo "2338"]
[BlackElo "2296"]
[WhiteFideId "739049"]
[BlackFideId "24174220"]
[EventDate "2020.06.18"]

1. e4 c5 2. Nf3 Nc6 3. Nc3 Nf6 4. d4 cxd4 5. Nxd4 e5 6. Ndb5 d6 7. Bg5 a6 8. Na3
b5 9. Nd5 Be7 10. Bxf6 Bxf6 11. c4 b4 12. Nc2 a5 13. b3 Bg5 14. g3 Bh6 15. Bg2
O-O 16. O-O g6 17. Qd3 f5 18. Rad1 f4 19. c5 dxc5 20. Qb5 Nd4 21. Qxc5 f3 22.
Ne7+ Kf7 23. Nxd4 exd4 24. Nc6 Qf6 25. e5 Qg5 26. Bxf3 Kg7 27. Bg2 Bg4 28. Rxd4
Bf3 29. Rd7+ Kh8 30. Bxf3 Rxf3 31. Qe7 Qxe7 32. Rxe7 Rc3 33. Nd4 Rd8 34. Ne6
Rdc8 35. Rd1 Rc1 36. Rxc1 Rxc1+ 37. Kg2 Rc8 38. f4 Bf8 39. Nxf8 Rxf8 40. Ra7 Rc8
41. Rxa5 Kg7 42. h4 h5 43. Ra7+ Kf8 44. Rb7 Rc2+ 45. Kh3 Rxa2 46. Rxb4 Ke7 47.
Rb6 Kf7 48. g4 Rc2 49. gxh5 gxh5 50. f5 Rf2 51. Rb7+ Ke8 52. f6 Rf3+ 53. Kg2 Re3
54. Re7+ Kf8 55. e6 Rxb3 56. Rh7 Kg8 57. Ra7 Rb8 58. e7 Kf7 0-1

[Event "Women's Speed Chess Q1"]
[Site "chess.com INT"]
[Date "2020.06.18"]
[Round "2"]
[White "Gevorgyan, Maria"]
[Black "Grigoryan, Meri"]
[Result "1-0"]
[WhiteTitle "WGM"]
[BlackTitle "WFM"]
[WhiteElo "2228"]
[BlackElo "2044"]
[WhiteFideId "13300270"]
[BlackFideId "13300571"]
[EventDate "2020.06.18"]

1. e4 e5 2. Nf3 Nc6 3. d4 exd4 4. Nxd4 Bc5 5. Nb3 Bb6 6. Nc3 Nf6 7. Qe2 O-O 8.
Bg5 d6 9. Nd5 Nd4 10. Bxf6 gxf6 11. Nxd4 Bxd4 12. c3 c6 13. Nf4 Be5 14. Nh5 d5
15. f4 Bc7 16. f5 Kh8 17. O-O-O Qe7 18. exd5 Qxe2 19. Bxe2 Bxf5 20. Rhf1 Bg6 21.
Nxf6 cxd5 22. Nxd5 Bxh2 23. b3 Rac8 24. Kb2 Be5 25. Bc4 Kg7 26. a4 Rfd8 27. Rde1
f6 28. Rd1 a6 29. Nb6 Rxd1 30. Rxd1 Rc7 31. Nd7 Bf4 32. a5 Bf7 33. Bxf7 Kxf7 34.
Nb6 Be5 35. Nc4 Ke6 36. Rd8 Kf7 37. Kc2 Re7 38. Kd3 Bc7 39. Rc8 Bg3 40. Ne3 Rd7+
41. Ke2 Be5 42. Nc4 Bxc3 43. Nb6 Re7+ 44. Kd3 Bxa5 45. Nd5 Rd7 46. Ke4 Be1 47.
Rh8 Kg7 48. Re8 f5+ 49. Ke5 Bg3+ 50. Kd4 Bf2+ 51. Ke5 Bg3+ 52. Kd4 b5 53. Re2
Bb8 54. Kc5 Ba7+ 55. Kc6 Rf7 56. Nf4 Bd4 57. Ne6+ Kf6 58. Nxd4 Rg7 59. Nf3 Rg4
60. Kb6 Rb4 61. Re3 a5 62. Kxa5 Rg4 63. Re1 Rxg2 64. Kxb5 Rf2 65. Nd4 Rb2 66.
Kc4 h5 67. Rf1 Kg5 68. Rxf5+ Kg4 69. Rf8 Rd2 70. Rg8+ Kh3 71. b4 h4 72. b5 Rb2
73. Kc5 Kh2 74. b6 h3 75. Nf3+ Kh1 76. Rg1# 1-0

[Event "Women's Speed Chess Q1"]
[Site "chess.com INT"]
[Date "2020.06.18"]
[Round "2"]
[White "Gokbulut, Julia"]
[Black "Mkrtchian, Lilit"]
[Result "0-1"]
[WhiteTitle "WFM"]
[BlackTitle "IM"]
[WhiteElo "1970"]
[BlackElo "2388"]
[WhiteFideId "4153979"]
[BlackFideId "13300601"]
[EventDate "2020.06.18"]

1. d4 d5 2. c4 c6 3. cxd5 cxd5 4. Nf3 Nf6 5. Bf4 Nc6 6. Nc3 Nh5 7. Bg3 Nxg3 8.
hxg3 e6 9. e3 h6 10. Bd3 Be7 11. Rc1 Bd7 12. Bb1 Rc8 13. a3 Qb6 14. Qd2 Na5 15.
Ba2 Bd6 16. O-O O-O 17. e4 Nb3 18. Bxb3 Qxb3 19. exd5 exd5 20. Ne5 Be6 21. f4 f6
22. Ng6 Rfe8 23. f5 Bf7 24. Nf4 Bc7 25. Rfe1 Bb6 26. Ne6 Rc4 27. Kh2 Bxe6 28.
Rxe6 Rec8 29. Rce1 Rxd4 30. Qe2 Qc4 31. Qh5 Rg4 32. Nxd5 Bf2 33. Ne7+ Kh7 34.
Nxc8 Bxg3+ 35. Kg1 Qd4+ 36. R6e3 Bxe1 37. Qxg4 Qxg4 38. Rxe1 Qxf5 39. Ne7 Qc5+
40. Kh2 b5 41. Re2 a5 42. Kg3 b4 43. axb4 axb4 44. Kf3 Qg5 45. g3 Qc1 46. Kf2 h5
47. Kg2 Qc5 48. Kf3 b3 49. Kg2 Qg5 50. Kf2 Qg4 51. Kf1 h4 52. gxh4 Qxh4 53. Kg2
Qf4 54. Kg1 Qg4+ 55. Kf2 Qf4+ 56. Ke1 g5 57. Kd1 Kg7 0-1

[Event "Women's Speed Chess Q1"]
[Site "chess.com INT"]
[Date "2020.06.18"]
[Round "2"]
[White "Yakimova, Mariya"]
[Black "Arabidze, Meri"]
[Result "1/2-1/2"]
[WhiteTitle "WFM"]
[BlackTitle "IM"]
[WhiteElo "2269"]
[BlackElo "2428"]
[WhiteFideId "34188859"]
[BlackFideId "13604040"]
[EventDate "2020.06.18"]

1. d4 d5 2. c4 e6 3. Nf3 Nf6 4. g3 Bb4+ 5. Bd2 Be7 6. Bg2 O-O 7. O-O Nbd7 8. Qc2
Ne4 9. Bc3 c6 10. Nfd2 f5 11. Nxe4 fxe4 12. f3 exf3 13. exf3 c5 14. Nd2 cxd4 15.
Bxd4 e5 16. Bf2 d4 17. Ne4 Nc5 18. Nxc5 Bxc5 19. Rfe1 Bf5 20. Qd2 Qd6 21. a3 a5
22. Rad1 a4 23. f4 exf4 24. Qxf4 Qxf4 25. gxf4 Bg4 26. Bxd4 Rac8 27. Bxc5 Rxc5
28. Rd4 b5 29. h3 Bc8 30. Bd5+ Kh8 31. Rde4 g6 32. Re8 Rxe8 33. Rxe8+ Kg7 34.
cxb5 Rxd5 35. Rxc8 Rd1+ 36. Kf2 Rd2+ 37. Ke3 Rxb2 38. Rb8 Rb3+ 39. Kd4 Rxa3 40.
b6 Rb3 41. Kc5 Rxh3 42. Ra8 Rc3+ 43. Kb4 Rb3+ 44. Kc5 a3 45. Kc6 Rc3+ 46. Kd7
Rd3+ 47. Kc7 Rc3+ 48. Kb8 Kf6 49. b7 Kf5 50. Ra6 Rb3 51. Ka8 Kxf4 52. b8=Q+
Rxb8+ 53. Kxb8 g5 54. Rxa3 g4 55. Ra4+ Kf3 56. Ra7 h5 57. Rh7 g3 58. Rxh5 g2 59.
Rg5 Kf2 60. Rxg2+ Kxg2 1/2-1/2

[Event "Women's Speed Chess Q1"]
[Site "chess.com INT"]
[Date "2020.06.18"]
[Round "2"]
[White "Shukhman, Anna"]
[Black "Jakubowska, Anna"]
[Result "0-1"]
[WhiteTitle "WCM"]
[BlackTitle "WIM"]
[WhiteElo "1866"]
[BlackElo "2073"]
[WhiteFideId "54180058"]
[BlackFideId "1121952"]
[EventDate "2020.06.18"]

1. e4 c6 2. Nc3 d5 3. Nf3 Bg4 4. h3 Bxf3 5. Qxf3 Nf6 6. d3 e6 7. g4 Bb4 8. Bd2
Qb6 9. e5 Nfd7 10. Qf4 c5 11. Bg2 Nc6 12. O-O Bxc3 13. bxc3 Ndxe5 14. Rfe1 Ng6
15. Qd6 Rd8 16. Qg3 O-O 17. h4 e5 18. h5 Nge7 19. Rxe5 Nxe5 20. Qxe5 Qd6 21. Qg5
Qf6 22. Qe3 b6 23. Re1 Nc8 24. g5 Qd6 25. c4 d4 26. Qe4 f5 27. Qb7 Rd7 28. Qf3
Re7 29. Qd5+ Qxd5 30. Bxd5+ Kh8 31. Rd1 f4 32. Kg2 Re5 33. Kf3 Rxg5 34. Rh1 Ne7
35. h6 Nxd5 36. hxg7+ Kxg7 37. cxd5 Rxd5 38. Rg1+ Kh8 39. Rg4 h5 40. Rh4 Rdf5
41. Bxf4 Kh7 42. Ke4 Rxf4+ 43. Rxf4 Rxf4+ 44. Kxf4 Kg6 45. Kg3 Kg5 46. f3 Kf5
47. Kh4 Kf4 48. Kxh5 Kxf3 49. Kg5 Ke2 50. Kf5 Kd2 51. Ke4 Kxc2 52. Kd5 Kxd3 53.
Kc6 c4 54. Kb7 c3 55. Kxa7 c2 56. Kxb6 c1=Q 57. a4 Qb2+ 58. Ka7 Qb4 59. a5 Qxa5+
60. Kb7 Kc4 61. Kc6 Qa6+ 62. Kd7 Kd5 63. Ke7 Qe6+ 64. Kf8 Qd7 65. Kg8 Qe7 66.
Kh8 Ke6 67. Kg8 Kf6 68. Kh8 Qg7# 0-1

[Event "Women's Speed Chess Q1"]
[Site "chess.com INT"]
[Date "2020.06.18"]
[Round "2"]
[White "Injac, Teodora"]
[Black "Mamedjarova, Turkan"]
[Result "0-1"]
[WhiteTitle "WIM"]
[BlackTitle "WGM"]
[WhiteElo "2286"]
[BlackElo "2309"]
[WhiteFideId "932400"]
[BlackFideId "13402005"]
[EventDate "2020.06.18"]

1. d4 d5 2. Nf3 Nf6 3. c4 e6 4. cxd5 exd5 5. Nc3 c6 6. Bg5 Be7 7. Qc2 Nbd7 8. e3
O-O 9. Bd3 Re8 10. h3 Nf8 11. Bf4 Bd6 12. Bxd6 Qxd6 13. O-O-O b5 14. Kb1 a5 15.
g4 a4 16. Rc1 Ba6 17. Ne2 b4 18. Nf4 Ne4 19. Rhf1 Bxd3 20. Nxd3 Ra6 21. Nc5 Nxc5
22. Qxc5 Qxc5 23. Rxc5 Nd7 24. Rc2 f6 25. Rfc1 Re6 26. Nh4 Kf7 27. Nf5 g6 28.
Ng3 Ke7 29. Ne2 Kd6 30. Nf4 Re8 31. Nd3 Rb8 32. Nc5 Nxc5 33. Rxc5 Rb7 34. h4 Rf7
35. f3 Re7 36. Re1 f5 37. Kc2 fxg4 38. fxg4 Re4 39. Kd3 Rxg4 40. h5 gxh5 41. Rf1
Rg6 42. Rh1 Rh6 43. Rc2 Ra8 44. Rch2 Re8 45. Rxh5 Rxh5 46. Rxh5 Re7 47. Rh6+ Kc7
48. Rf6 Kb6 49. Rh6 Kb5 50. Rf6 Rg7 51. Rh6 Rg2 52. b3 Rxa2 53. bxa4+ Rxa4 54.
Rxh7 Ra3+ 55. Kd2 Kc4 56. Rc7 Ra2+ 57. Kd1 Ra6 58. Rc8 b3 59. Rb8 Kc3 60. Ke2 b2
61. Kf3 Kc2 62. e4 dxe4+ 63. Kxe4 b1=Q 64. Rxb1 Kxb1 0-1

[Event "Women's Speed Chess Q1"]
[Site "chess.com INT"]
[Date "2020.06.18"]
[Round "2"]
[White "Arakhamia-Grant, Ketevan"]
[Black "Vaishali, R"]
[Result "0-1"]
[WhiteTitle "GM"]
[BlackTitle "WGM"]
[WhiteElo "2380"]
[BlackElo "2393"]
[WhiteFideId "13600168"]
[BlackFideId "5091756"]
[EventDate "2020.06.18"]

1. e4 c5 2. Nf3 Nc6 3. d4 cxd4 4. Nxd4 Nf6 5. Nc3 d6 6. Bg5 e6 7. Qd2 a6 8.
O-O-O Be7 9. f4 Bd7 10. Nb3 b5 11. Bxf6 gxf6 12. Kb1 b4 13. Ne2 a5 14. Nbd4 Qb6
15. f5 e5 16. Nxc6 Bxc6 17. Ng3 Qc5 18. b3 h5 19. h4 Rg8 20. Rh3 a4 21. Bc4 axb3
22. Bxb3 Rg4 23. Qh6 Ba4 24. Qd2 Bxb3 25. cxb3 Kd7 26. Rc1 Qb5 27. Qc2 Qb7 28.
Nxh5 Rc8 29. Qxc8+ Qxc8 30. Rxc8 Kxc8 31. Ng3 Bf8 32. h5 Bh6 33. Kc2 Kc7 34. Kd3
d5 35. exd5 Rd4+ 36. Ke2 Kd6 37. Kf3 Rd3+ 38. Ke2 Rd2+ 39. Ke1 Rxa2 40. Ne4+
Kxd5 41. Nxf6+ Kd4 42. Ng4 Bd2+ 43. Kd1 Bf4 44. h6 Ra1+ 45. Ke2 Ra2+ 46. Kf3 Ra8
47. h7 Rh8 48. Nf6 e4+ 49. Nxe4 Be5 50. Ng5 Bf6 51. Nxf7 Rf8 52. h8=Q Bxh8 53.
Nxh8 Rxf5+ 54. Kg4 Rf8 55. Ng6 Rf2 56. g3 Rc2 57. Nf4 Kc3 58. Rh8 Kxb3 59. Rb8
Ka3 60. Nd5 b3 61. Ne3 Rc3 62. Kf4 b2 63. Ra8+ Kb3 64. Rb8+ Ka2 65. Nd1 Rc4+ 0-1

[Event "Women's Speed Chess Q1"]
[Site "chess.com INT"]
[Date "2020.06.18"]
[Round "2"]
[White "Voit, Daria"]
[Black "Ghomi, Parnian"]
[Result "1-0"]
[WhiteTitle "WGM"]
[BlackTitle "WCM"]
[WhiteElo "2343"]
[BlackElo "2006"]
[WhiteFideId "4182146"]
[BlackFideId "22502785"]
[EventDate "2020.06.18"]

1. d4 Nf6 2. Nf3 e6 3. c4 b6 4. g3 Bb7 5. Bg2 Be7 6. O-O O-O 7. Qc2 d5 8. Ne5
Nbd7 9. cxd5 Nxe5 10. dxe5 Nxd5 11. a3 c5 12. Rd1 Qc8 13. e4 Nc7 14. Be3 Rd8 15.
Nd2 Nb5 16. Nb3 Qc6 17. f3 Nd4 18. Nxd4 cxd4 19. Qxc6 Bxc6 20. Rxd4 Rdc8 21. b4
a5 22. Rc1 axb4 23. axb4 Bb5 24. Rxc8+ Rxc8 25. Bf1 Be8 26. Kf2 Rc2+ 27. Rd2 Rc8
28. b5 Rb8 29. Rc2 Kf8 30. Bd3 Rb7 31. Rc8 Bb4 32. Ke2 Ke7 33. Bg5+ f6 34. exf6+
gxf6 35. Be3 Bd7 36. Rh8 Kd6 37. Rxh7 Bc5 38. h4 Bxe3 39. Kxe3 Rc7 40. Rf7 Rc3
41. Kd2 Ra3 42. Rxf6 Ke5 43. Rf7 Be8 44. Re7 Kd4 45. Rxe8 Rxd3+ 46. Ke2 Rb3 47.
Rd8+ Ke5 48. h5 Rxb5 49. h6 Rb2+ 50. Ke3 Rh2 51. f4+ Kf6 52. g4 Rh3+ 53. Ke2 Ke7
54. Rh8 b5 55. g5 b4 56. Rb8 b3 57. Kd2 Kf7 58. Rb7+ Kg6 59. Rg7+ Kh5 60. h7 Kg4
61. g6 Kxf4 62. Rg8 b2 63. Kc2 Rh2+ 64. Kb1 Kxe4 65. h8=Q Rd2 66. Qh4+ Kd3 67.
Rd8+ Kc3 68. Rxd2 Kxd2 69. g7 Kd1 70. g8=Q 1-0